000 00851nam a2200229 i 4500
001 150950
003 ES-MaACL
005 20230906203755.0
007 t|
008 071114q18501899fr ||||1| fre d
100 0 _aErckmann-Chatrian.
_947367
245 1 0 _aConfidences d'un joeur de clarinette
_b: [suivi de La taverne du Jambon de Mayence ; Les amoureux de Catherine ; Entre deux vins] /
_cErckmann-Chatrian ; illustrations de Théophile Schuler.
260 _a[Paris? :
_bJ. Hetzel?,
_c18--?]
300 _a104 p. :
_bil. ;
_c28 cm.
500 _aTexto a dos columnas.
500 _aEjemplar sin portada.
700 1 _aSchuler, Théophile.
_9104756
740 3 _aLa Taverne du Jambon de Mayence.
740 4 _aLes amoureux de Catherine.
740 0 _aEntre deux vins.
852 _aES-MaACL
_jC-1918(5)
_q. - Encuadernado con otras obras
999 _c150950
_d150950